[Event "Menchik Memorial op"]
[Site "Maidstone"]
[Date "1994.10.24"]
[Round "1"]
[White "Emms, John M"]
[Black "Bronstein, David I"]
[Result "1/2-1/2"]
[WhiteElo "2535"]
[BlackElo "2440"]
[PlyCount "97"]
[EventDate "1994.10.24"]
[EventType "swiss"]
[EventRounds "9"]
[EventCountry "ENG"]
[SourceTitle "BritBase"]
[Source "John Saunders"]
[SourceDate "2023.06.01"]
[SourceVersion "1"]
[SourceVersionDate "2023.06.01"]
[SourceQuality "1"]

1. e4 e6 2. d4 d5 3. Nd2 c5 4. Ngf3 Nf6 5. exd5 Nxd5 6. Nb3 cxd4 7. Nbxd4 Be7
8. g3 O-O 9. Bg2 b5 10. O-O a6 11. Qe2 Qb6 12. c3 Nd7 13. Bg5 Bxg5 14. Nxg5
N7f6 15. Rad1 Ra7 16. Rfe1 Rc7 17. a3 Bd7 18. Ne4 a5 19. Nxf6+ Nxf6 20. Nf3 Bc6
21. Ne5 Bxg2 22. Kxg2 Qb7+ 23. Kg1 Rc5 24. Rd4 Rfc8 25. Red1 Rd5 26. Ng4 Rcd8
27. Nxf6+ gxf6 28. Qg4+ Kf8 29. Qh4 Rxd4 30. Rxd4 Rxd4 31. Qxd4 Kg7 32. Qg4+
Kf8 33. Qf4 Kg7 34. Qg4+ Kf8 35. Qd4 Kg7 36. b4 a4 37. Qg4+ Kf8 38. Qd4 e5 39.
Qh4 Qf3 40. Qxh7 Qd1+ 41. Kg2 Qd5+ 42. Kg1 Qd1+ 43. Kg2 Qd5+ 44. Kh3 Qe6+ 45.
g4 Qa2 46. Qh8+ Ke7 47. Qc8 Qxa3 48. Qc5+ Ke6 49. Qc6+ 1/2-1/2

[Event "Menchik Memorial op"]
[Site "Maidstone"]
[Date "1994.10.24"]
[Round "1"]
[White "Fink Nunn, Petra"]
[Black "Hunt, Harriet"]
[Result "1-0"]
[WhiteElo "2095"]
[BlackElo "2225"]
[PlyCount "39"]
[EventDate "1994.10.24"]
[EventType "swiss"]
[EventRounds "9"]
[EventCountry "ENG"]
[SourceTitle "BritBase"]
[Source "John Saunders"]
[SourceDate "2023.06.01"]
[SourceVersion "1"]
[SourceVersionDate "2023.06.01"]
[SourceQuality "1"]

1. e4 c6 2. d4 d5 3. e5 Bf5 4. Nc3 e6 5. g4 Bg6 6. Nge2 c5 7. h4 cxd4 8. Nxd4
h5 9. Bb5+ Nd7 10. f4 hxg4 11. f5 Rxh4 12. Rf1 Rh2 13. Qxg4 Bxf5 14. Nxf5 exf5
15. e6 fxe6 16. Qg6+ Ke7 17. Bf4 Ngf6 18. Bxh2 d4 19. O-O-O Qb6 20. Bg1 1-0

[Event "Menchik Memorial op"]
[Site "Maidstone"]
[Date "1994.10.24"]
[Round "1"]
[White "Hunt, Adam"]
[Black "Lauterbach, Ingrid"]
[Result "1/2-1/2"]
[WhiteElo "2205"]
[BlackElo "2155"]
[PlyCount "36"]
[EventDate "1994.10.24"]
[EventType "swiss"]
[EventRounds "9"]
[EventCountry "ENG"]
[SourceTitle "BritBase"]
[Source "John Saunders"]
[SourceDate "2023.06.01"]
[SourceVersion "1"]
[SourceVersionDate "2023.06.01"]
[SourceQuality "1"]

1. e4 d6 2. d4 Nf6 3. Nc3 g6 4. Nf3 Bg7 5. Be3 O-O 6. Qd2 c6 7. Bd3 Bg4 8.
O-O-O e5 9. Rdg1 Qa5 10. h3 Be6 11. Kb1 Nbd7 12. dxe5 Nxe5 13. Nxe5 dxe5 14.
Nd5 Qxd2 15. Nxf6+ Bxf6 16. Bxd2 Rfd8 17. Bc3 Bg7 18. Re1 Rd7 1/2-1/2

[Event "Menchik Memorial op"]
[Site "Maidstone"]
[Date "1994.10.24"]
[Round "1"]
[White "Ivanov, Alexei"]
[Black "Levitt, Jonathan P"]
[Result "1/2-1/2"]
[WhiteElo "2455"]
[BlackElo "2445"]
[PlyCount "89"]
[EventDate "1994.10.24"]
[EventType "swiss"]
[EventRounds "9"]
[EventCountry "ENG"]
[SourceTitle "BritBase"]
[Source "John Saunders"]
[SourceDate "2023.06.01"]
[SourceVersion "1"]
[SourceVersionDate "2023.06.01"]
[SourceQuality "1"]

1. e4 e6 2. d4 d5 3. Nc3 Bb4 4. Qd3 dxe4 5. Qxe4 Nf6 6. Qh4 Nd5 7. Bg5 Be7 8.
Bxe7 Qxe7 9. Qg3 O-O 10. O-O-O Nxc3 11. Qxc3 b6 12. Qf3 c6 13. Bd3 Ba6 14. Ne2
Bxd3 15. Rxd3 Rc8 16. Qg4 Nd7 17. Rg3 Qf8 18. Nf4 Nf6 19. Qh4 Kh8 20. Re1 c5
21. Rxe6 cxd4 22. Re2 Re8 23. Rd3 Qc5 24. Qg3 g5 25. Rxe8+ Rxe8 26. Nh3 Rc8 27.
c3 Ne4 28. Qg4 dxc3 29. b4 f5 30. Qxg5 Nxg5 31. bxc5 Nxh3 32. Rxh3 Rxc5 33. Kc2
Ra5 34. Kb3 Kg7 35. Rxc3 Kf6 36. f4 Ke6 37. Rh3 Kd5 38. Rxh7 Rb5+ 39. Kc3 Ra5
40. Rd7+ Ke4 41. Rd4+ Ke3 42. a4 Rc5+ 43. Rc4 Rd5 44. g3 Rd2 45. Rc7 1/2-1/2

[Event "Menchik Memorial op"]
[Site "Maidstone"]
[Date "1994.10.24"]
[Round "1"]
[White "Lalic, Susan Kathryn"]
[Black "Lalic, Bogdan"]
[Result "1/2-1/2"]
[WhiteElo "2375"]
[BlackElo "2520"]
[PlyCount "32"]
[EventDate "1994.10.24"]
[EventType "swiss"]
[EventRounds "9"]
[EventCountry "ENG"]
[SourceTitle "BritBase"]
[Source "John Saunders"]
[SourceDate "2023.06.01"]
[SourceVersion "1"]
[SourceVersionDate "2023.06.01"]
[SourceQuality "1"]

1. e4 e5 2. Nf3 Nf6 3. Nxe5 d6 4. Nf3 Nxe4 5. Qe2 Qe7 6. d3 Nf6 7. Bg5 Qxe2+ 8.
Bxe2 Be7 9. Nc3 Nc6 10. O-O Be6 11. d4 Nd5 12. Nxd5 Bxd5 13. Bxe7 Kxe7 14. Rfe1
Kf6 15. c3 Rhe8 16. b3 Re7 1/2-1/2

[Event "Menchik Memorial op"]
[Site "Maidstone"]
[Date "1994.10.24"]
[Round "1"]
[White "McDonald, Neil R"]
[Black "McNab, Colin Anderson"]
[Result "1/2-1/2"]
[WhiteElo "2420"]
[BlackElo "2465"]
[PlyCount "97"]
[EventDate "1994.10.24"]
[EventType "swiss"]
[EventRounds "9"]
[EventCountry "ENG"]
[SourceTitle "BritBase"]
[Source "John Saunders"]
[SourceDate "2023.06.01"]
[SourceVersion "1"]
[SourceVersionDate "2023.06.01"]
[SourceQuality "1"]

1. e4 g6 2. Nf3 d6 3. d4 Nf6 4. Nc3 Bg7 5. Be2 O-O 6. O-O c6 7. a4 Qc7 8. Bf4
Nh5 9. Bg5 e5 10. h3 h6 11. Be3 Nf4 12. Bxf4 exf4 13. Qd2 g5 14. Nh2 Nd7 15.
Bg4 Nf6 16. Bxc8 Raxc8 17. Rfe1 Rfe8 18. Nf3 Rcd8 19. Re2 Rd7 20. Rae1 a6 21.
Qd3 Rde7 22. e5 dxe5 23. Nxe5 c5 24. Nf3 Rxe2 25. Rxe2 cxd4 26. Rxe8+ Nxe8 27.
Ne2 Qd7 28. b3 Nc7 29. Nexd4 Ne6 30. c3 Qd5 31. Qc2 h5 32. Nxe6 Qxe6 33. Nxg5
Qe1+ 34. Kh2 Qxc3 35. Qd1 h4 36. Qd8+ Bf8 37. Ne4 Qe5 38. f3 Kg7 39. Qd7 Qe6
40. Qxb7 Ba3 41. b4 Bb2 42. b5 Bd4 43. Qc7 axb5 44. axb5 Qa2 45. Qxf4 Qa1 46.
Qg5+ Kf8 47. Qd8+ Kg7 48. Qg5+ Kf8 49. Qd8+ 1/2-1/2

[Event "Menchik Memorial op"]
[Site "Maidstone"]
[Date "1994.10.24"]
[Round "1"]
[White "Reuben, Stewart"]
[Black "Houska, Jovanka"]
[Result "1-0"]
[WhiteElo "2260"]
[BlackElo "2015"]
[PlyCount "77"]
[EventDate "1994.10.24"]
[EventType "swiss"]
[EventRounds "9"]
[EventCountry "ENG"]
[SourceTitle "BritBase"]
[Source "John Saunders"]
[SourceDate "2023.06.01"]
[SourceVersion "1"]
[SourceVersionDate "2023.06.01"]
[SourceQuality "1"]

1. d4 d5 2. c4 c6 3. Nf3 Nf6 4. cxd5 cxd5 5. Nc3 Nc6 6. Bf4 Bf5 7. e3 e6 8. Qb3
Qb6 9. Bb5 Be7 10. Ne5 Rc8 11. O-O O-O 12. Bxc6 bxc6 13. Qxb6 axb6 14. Na4 Bd8
15. Rfc1 b5 16. Nc5 Be7 17. Ncd7 Rfe8 18. Nxc6 Bf8 19. Nb6 Rxc6 20. Rxc6 Ne4
21. Rac1 h6 22. f3 Nf6 23. g4 Bd3 24. Rc8 Bb4 25. Rxe8+ Nxe8 26. Rc8 Kf8 27. a3
g5 28. Bc7 Bd2 29. Bd6+ Kg7 30. Rxe8 Bxe3+ 31. Kg2 Bxd4 32. Nd7 f6 33. Rxe6
Bxb2 34. Bf8+ Kg6 35. Rd6 Bc4 36. Be7 Kf7 37. Bxf6 Bxa3 38. Ne5+ Kg8 39. Rd8+
1-0

[Event "Menchik Memorial op"]
[Site "Maidstone"]
[Date "1994.10.24"]
[Round "1"]
[White "Saljova, Silvie"]
[Black "Dickenson, Neil F"]
[Result "1/2-1/2"]
[WhiteElo "2250"]
[BlackElo "2290"]
[PlyCount "55"]
[EventDate "1994.10.24"]
[EventType "swiss"]
[EventRounds "9"]
[EventCountry "ENG"]
[SourceTitle "BritBase"]
[Source "John Saunders"]
[SourceDate "2023.06.01"]
[SourceVersion "1"]
[SourceVersionDate "2023.06.01"]
[SourceQuality "1"]

1. d4 Nf6 2. Nf3 c5 3. c3 e6 4. Bg5 Qb6 5. Qb3 cxd4 6. Nxd4 Bc5 7. e3 a6 8. Nd2
Qc7 9. a4 Be7 10. Nc4 Nc6 11. Rd1 Na5 12. Qb6 Nd5 13. Qxa5 Qxa5 14. Nxa5 Bxg5
15. Nf5 Bf6 16. Nd6+ Ke7 17. Nac4 b5 18. axb5 axb5 19. Nxb5 Ba6 20. Nca3 Bxb5
21. Nxb5 Ra2 22. Rb1 Nb6 23. Kd2 Rc8 24. Kc2 d5 25. Be2 Rca8 26. Kb3 R2a5 27.
Na3 Na4 28. Nb5 1/2-1/2

[Event "Menchik Memorial op"]
[Site "Maidstone"]
[Date "1994.10.24"]
[Round "1"]
[White "Ward, Christopher G"]
[Black "Velicka, Petr"]
[Result "1/2-1/2"]
[WhiteElo "2495"]
[BlackElo "2415"]
[PlyCount "51"]
[EventDate "1994.10.24"]
[EventType "swiss"]
[EventRounds "9"]
[EventCountry "ENG"]
[SourceTitle "BritBase"]
[Source "John Saunders"]
[SourceDate "2023.06.01"]
[SourceVersion "1"]
[SourceVersionDate "2023.06.01"]
[SourceQuality "1"]

1. d4 d5 2. c4 c6 3. Nc3 a6 4. e4 dxe4 5. Nxe4 e5 6. dxe5 Qa5+ 7. Bd2 Qxe5 8.
Bd3 f5 9. Bc3 Qe6 10. Qh5+ g6 11. Qe2 fxe4 12. Qxe4 Nf6 13. Bxf6 Bb4+ 14. Kf1
O-O 15. Bd4 Qxe4 16. Bxe4 Be6 17. Rc1 Nd7 18. Ne2 Rae8 19. f3 Bd2 20. Rc2 Bxc4
21. Rxd2 Rxe4 22. Ke1 Re6 23. b3 Bd5 24. Kf2 Nf6 25. Nc3 Ne4+ 26. Nxe4 1/2-1/2

[Event "Menchik Memorial op"]
[Site "Maidstone"]
[Date "1994.10.??"]
[Round "2"]
[White "Dickenson, Neil F"]
[Black "McDonald, Neil R"]
[Result "1/2-1/2"]
[WhiteElo "2290"]
[BlackElo "2420"]
[PlyCount "80"]
[EventDate "1994.10.24"]
[EventType "swiss"]
[EventRounds "9"]
[EventCountry "ENG"]
[SourceTitle "BritBase"]
[Source "John Saunders"]
[SourceDate "2023.06.01"]
[SourceVersion "1"]
[SourceVersionDate "2023.06.01"]
[SourceQuality "1"]

1. d4 d5 2. c4 e6 3. Nc3 Be7 4. Nf3 Nf6 5. Bg5 h6 6. Bh4 O-O 7. e3 Ne4 8. Bxe7
Qxe7 9. Qb3 Nxc3 10. Qxc3 dxc4 11. Bxc4 b6 12. Rc1 Bb7 13. Bd3 c5 14. dxc5 Rc8
15. b4 a5 16. a3 axb4 17. axb4 bxc5 18. bxc5 Nd7 19. O-O Rxc5 20. Qb2 Bxf3 21.
gxf3 Rh5 22. f4 Qh4 23. f3 Rha5 24. Bb1 e5 25. Qd2 Nf8 26. fxe5 Rxe5 27. f4 Re7
28. Rf3 Rd7 29. Qe1 Qf6 30. Qg3 Ra1 31. Rff1 Ra3 32. Qf2 Qd8 33. Rfe1 Ra5 34.
Be4 Rd2 35. Re2 Raa2 36. Rxd2 Rxd2 37. Qe1 Rb2 38. Qc3 Qb6 39. Bd5 Rb4 40. Kh1
Qb5 1/2-1/2

[Event "Menchik Memorial op"]
[Site "Maidstone"]
[Date "1994.10.??"]
[Round "2"]
[White "Fenn, Paul David"]
[Black "Lalic, Susan Kathryn"]
[Result "0-1"]
[WhiteElo "2160"]
[BlackElo "2375"]
[PlyCount "62"]
[EventDate "1994.10.24"]
[EventType "swiss"]
[EventRounds "9"]
[EventCountry "ENG"]
[SourceTitle "BritBase"]
[Source "John Saunders"]
[SourceDate "2023.06.01"]
[SourceVersion "1"]
[SourceVersionDate "2023.06.01"]
[SourceQuality "1"]

1. e4 d5 2. exd5 Nf6 3. Bc4 Nxd5 4. Qf3 e6 5. Ne2 Nc6 6. Qg3 h5 7. h4 Nce7 8.
d3 Nf5 9. Qh2 Bd6 10. g3 Bd7 11. Nd2 Nb4 12. Bb3 a5 13. a4 Bc6 14. Rg1 Bd5 15.
Bxd5 exd5 16. Kd1 Qd7 17. Nf3 O-O-O 18. Bd2 Rhe8 19. Nc3 Kb8 20. Qg2 d4 21. Nb5
Bc5 22. Kc1 Re2 23. Qf1 Rde8 24. Ng5 Qc6 25. Kd1 Nxc2 26. Rc1 Rxd2+ 27. Kxd2
Bb4+ 28. Nc3 dxc3+ 29. Kxc2 Nd4+ 30. Kb1 c2+ 31. Ka1 Qxa4# 0-1

[Event "Menchik Memorial op"]
[Site "Maidstone"]
[Date "1994.10.??"]
[Round "2"]
[White "Hunt, Harriet"]
[Black "Saljova, Silvie"]
[Result "1-0"]
[WhiteElo "2225"]
[BlackElo "2250"]
[PlyCount "55"]
[EventDate "1994.10.24"]
[EventType "swiss"]
[EventRounds "9"]
[EventCountry "ENG"]
[SourceTitle "BritBase"]
[Source "John Saunders"]
[SourceDate "2023.06.01"]
[SourceVersion "1"]
[SourceVersionDate "2023.06.01"]
[SourceQuality "1"]

1. e4 e5 2. Nf3 Nf6 3. Nxe5 d6 4. Nf3 Nxe4 5. d4 d5 6. Bd3 Be7 7. O-O Bg4 8. c4
Nc6 9. Nc3 Nf6 10. cxd5 Nxd5 11. h3 Bxf3 12. Qxf3 Ndb4 13. Bc4 O-O 14. Be3 Na5
15. Be2 f5 16. Rad1 f4 17. Bc1 Nbc6 18. Qe4 Bd6 19. d5 Nb4 20. a3 Na6 21. b4
Nb3 22. Bb2 Qg5 23. Bf3 Qg6 24. Qe6+ Kh8 25. Ne4 Bxb4 26. axb4 Nxb4 27. Rb1 a5
28. Bc3 1-0

[Event "Menchik Memorial op"]
[Site "Maidstone"]
[Date "1994.10.??"]
[Round "2"]
[White "Lalic, Bogdan"]
[Black "Reuben, Stewart"]
[Result "1-0"]
[WhiteElo "2520"]
[BlackElo "2260"]
[PlyCount "127"]
[EventDate "1994.10.24"]
[EventType "swiss"]
[EventRounds "9"]
[EventCountry "ENG"]
[SourceTitle "BritBase"]
[Source "John Saunders"]
[SourceDate "2023.06.01"]
[SourceVersion "1"]
[SourceVersionDate "2023.06.01"]
[SourceQuality "1"]

1. c4 c5 2. Nf3 g6 3. d4 cxd4 4. Nxd4 Nc6 5. e4 Bg7 6. Be3 Nh6 7. Be2 d6 8. Nc3
O-O 9. O-O f5 10. Nxc6 bxc6 11. Qd2 Ng4 12. Bxg4 fxg4 13. Bd4 Bxd4 14. Qxd4 Qb6
15. Qd2 Be6 16. b3 Qa5 17. Rad1 Rf7 18. Na4 Qe5 19. Qd4 Qxd4 20. Rxd4 c5 21.
Rd2 Bd7 22. Nc3 Bc6 23. Re1 Rf6 24. e5 Re6 25. Kf1 Kf7 26. Rde2 Rd8 27. Rd1 Rd7
28. Rd3 h5 29. Rde3 g5 30. exd6 Rxe3 31. Rxe3 exd6 32. g3 Kf6 33. Ke2 Kf5 34.
Nd5 Bxd5 35. cxd5 h4 36. Kd3 a6 37. Re4 Rf7 38. Ke3 Rb7 39. f3 hxg3 40. fxg4+
Kf6 41. Re6+ Kf7 42. Rxd6 Re7+ 43. Kf3 gxh2 44. Rh6 Re5 45. Rxh2 Rxd5 46. Rh7+
Kf6 47. Rh6+ Ke5 48. Rxa6 c4 49. bxc4 Rd3+ 50. Ke2 Rc3 51. Ra4 Kd4 52. Ra5 Rxc4
53. Rxg5 Ra4 54. Kf3 Rxa2 55. Rb5 Ra1 56. g5 Rf1+ 57. Kg4 Ke4 58. g6 Rg1+ 59.
Kh5 Kf4 60. Kh6 Rh1+ 61. Rh5 Ra1 62. g7 Ra6+ 63. Kh7 Kg4 64. Rb5 1-0

[Event "Menchik Memorial op"]
[Site "Maidstone"]
[Date "1994.10.??"]
[Round "2"]
[White "Lauterbach, Ingrid"]
[Black "Bibby, Simon"]
[Result "0-1"]
[WhiteElo "2155"]
[BlackElo "2275"]
[PlyCount "98"]
[EventDate "1994.10.24"]
[EventType "swiss"]
[EventRounds "9"]
[EventCountry "ENG"]
[SourceTitle "BritBase"]
[Source "John Saunders"]
[SourceDate "2023.06.01"]
[SourceVersion "1"]
[SourceVersionDate "2023.06.01"]
[SourceQuality "1"]

1. e4 c5 2. Nf3 Nc6 3. d3 g6 4. g3 Bg7 5. Bg2 e5 6. O-O Nge7 7. c3 O-O 8. Be3
d6 9. d4 exd4 10. cxd4 Qb6 11. Na3 cxd4 12. Bg5 Qxb2 13. Nc4 Qb4 14. Qd3 d5 15.
exd5 Bf5 16. Qb3 Nxd5 17. Qxb4 Ndxb4 18. Nd6 Be6 19. Nxb7 Bxa2 20. Nc5 h6 21.
Bf4 Rfd8 22. Bc7 Rd5 23. Nd3 Rc8 24. Nxb4 Nxb4 25. Bf4 d3 26. Bd2 Bxa1 27. Rxa1
Rb5 28. Bxb4 Rxb4 29. Rxa2 Rb1+ 30. Bf1 Rc2 31. Rxa7 d2 32. Rd7 d1=Q 33. Rxd1
Rxd1 34. Kg2 g5 35. h3 Kg7 36. Bb5 Rb2 37. Bc4 Kf6 38. g4 Rc1 39. Bd3 Rc3 40.
Be4 Re2 41. Bf5 Ra3 42. Ng1 Rb2 43. h4 gxh4 44. Be4 Ke5 45. Bf3 Rc3 46. Bd1 Rc1
47. Ba4 Kf4 48. Be8 Rc7 49. Nf3 h3+ 0-1

[Event "Menchik Memorial op"]
[Site "Maidstone"]
[Date "1994.10.??"]
[Round "2"]
[White "Levitt, Jonathan P"]
[Black "Emms, John M"]
[Result "1-0"]
[WhiteElo "2445"]
[BlackElo "2535"]
[PlyCount "91"]
[EventDate "1994.10.24"]
[EventType "swiss"]
[EventRounds "9"]
[EventCountry "ENG"]
[SourceTitle "BritBase"]
[Source "John Saunders"]
[SourceDate "2023.06.01"]
[SourceVersion "1"]
[SourceVersionDate "2023.06.01"]
[SourceQuality "1"]

1. d4 Nf6 2. c4 e6 3. Nc3 Bb4 4. e3 O-O 5. Bd3 c5 6. Nf3 d5 7. O-O cxd4 8. exd4
dxc4 9. Bxc4 a6 10. a3 b5 11. axb4 bxc4 12. Ne5 Bb7 13. Bg5 h6 14. Bh4 g5 15.
Bg3 Nc6 16. Nxc4 Ne7 17. Ne3 Nf5 18. Ra5 Qd7 19. Be5 Nh7 20. Nxf5 exf5 21. d5
f6 22. Bd4 Rfe8 23. Qd2 Kg7 24. Na4 Rad8 25. Bb6 Rc8 26. Rd1 Re5 27. f4 gxf4
28. Bd4 Rxd5 29. Nb6 Rxd4 30. Qxd4 Qxd4+ 31. Rxd4 Rc1+ 32. Kf2 Rc2+ 33. Ke1
Bxg2 34. Rxf4 Be4 35. Rf2 Rc6 36. Rxa6 Ng5 37. Ra7+ Kg6 38. Nd7 Rc4 39. Ra6
Rxb4 40. Nxf6 Kf7 41. Nxe4 Rxe4+ 42. Kd2 f4 43. Rxh6 Ra4 44. Kc2 Kg7 45. Rh4 f3
46. Rxa4 1-0

[Event "Menchik Memorial op"]
[Site "Maidstone"]
[Date "1994.10.??"]
[Round "2"]
[White "Maskova, Jana"]
[Black "Hunt, Adam"]
[Result "1/2-1/2"]
[WhiteElo "2220"]
[BlackElo "2205"]
[PlyCount "93"]
[EventDate "1994.10.24"]
[EventType "swiss"]
[EventRounds "9"]
[EventCountry "ENG"]
[SourceTitle "BritBase"]
[Source "John Saunders"]
[SourceDate "2023.06.01"]
[SourceVersion "1"]
[SourceVersionDate "2023.06.01"]
[SourceQuality "1"]

1. e4 c5 2. Nf3 d6 3. d4 cxd4 4. Nxd4 Nf6 5. Nc3 a6 6. Bg5 e6 7. Qd2 Be7 8.
O-O-O O-O 9. f3 b5 10. Bd3 Bb7 11. h4 Nbd7 12. g4 Rc8 13. Nce2 d5 14. Ng3 dxe4
15. Nxe4 Nxe4 16. Bxe4 Bxe4 17. fxe4 Ne5 18. Kb1 Qc7 19. Bf4 Nc4 20. Bxc7 Nxd2+
21. Rxd2 Rxc7 22. Nf3 Rfc8 23. Rhd1 Kf8 24. c3 Ke8 25. g5 b4 26. cxb4 Bxb4 27.
Rd4 Rb7 28. R4d3 Bc3 29. b3 Bb4 30. Rc1 Rxc1+ 31. Kxc1 Ba3+ 32. Kc2 Be7 33. Rc3
Kd8 34. Nd4 Bd6 35. Rc6 Rc7 36. Rxc7 Kxc7 37. Kd3 Bg3 38. Nf3 f6 39. gxf6 gxf6
40. h5 Kd6 41. b4 Bf2 42. a4 h6 43. Nd4 Bxd4 44. Kxd4 Kc6 45. Kc4 Kb6 46. Kd4
Kc6 47. Kc4 1/2-1/2

[Event "Menchik Memorial op"]
[Site "Maidstone"]
[Date "1994.10.??"]
[Round "2"]
[White "McNab, Colin Anderson"]
[Black "Fink Nunn, Petra"]
[Result "1-0"]
[WhiteElo "2465"]
[BlackElo "2095"]
[PlyCount "82"]
[EventDate "1994.10.24"]
[EventType "swiss"]
[EventRounds "9"]
[EventCountry "ENG"]
[SourceTitle "BritBase"]
[Source "John Saunders"]
[SourceDate "2023.06.01"]
[SourceVersion "1"]
[SourceVersionDate "2023.06.01"]
[SourceQuality "1"]

1. c4 Nf6 2. Nf3 g6 3. g3 Bg7 4. Bg2 O-O 5. O-O d6 6. d4 Nc6 7. Nc3 Bg4 8. d5
Na5 9. Nd2 c5 10. Qc2 e5 11. b3 Qd7 12. Bb2 Bh3 13. Rae1 Bxg2 14. Kxg2 Nh5 15.
e3 b6 16. f4 exf4 17. exf4 Rae8 18. Nce4 Bxb2 19. Qxb2 f5 20. Ng5 Ng7 21. Ndf3
h6 22. Nh3 Qf7 23. Nf2 Rxe1 24. Rxe1 Re8 25. Qc3 Rxe1 26. Qxe1 Qe8 27. Nd1 Qxe1
28. Nxe1 Ne8 29. Nc3 a6 30. Nc2 Nf6 31. Ne3 Kf7 32. Kf3 Ke7 33. h3 h5 34. g4
hxg4+ 35. hxg4 fxg4+ 36. Nxg4 Nb7 37. Nxf6 Kxf6 38. Kg4 Kf7 39. Kg5 Kg7 40. Ne4
b5 41. cxb5 axb5 1-0

[Event "Menchik Memorial op"]
[Site "Maidstone"]
[Date "1994.10.??"]
[Round "2"]
[White "Velicka, Petr"]
[Black "Ivanov, Alexei"]
[Result "1/2-1/2"]
[WhiteElo "2415"]
[BlackElo "2455"]
[PlyCount "48"]
[EventDate "1994.10.24"]
[EventType "swiss"]
[EventRounds "9"]
[EventCountry "ENG"]
[SourceTitle "BritBase"]
[Source "John Saunders"]
[SourceDate "2023.06.01"]
[SourceVersion "1"]
[SourceVersionDate "2023.06.01"]
[SourceQuality "1"]

1. e4 e5 2. Nf3 Nc6 3. Bc4 Bc5 4. c3 Nf6 5. d3 a6 6. Bb3 Ba7 7. Nbd2 d5 8. exd5
Nxd5 9. O-O Nf4 10. Ne4 Ne6 11. Nfg5 Qe7 12. d4 exd4 13. Qh5 h6 14. Nxe6 Bxe6
15. Bg5 Qd7 16. Nc5 Bxc5 17. Bxe6 Qxe6 18. Rfe1 Ne5 19. Bf4 O-O-O 20. Rxe5 g6
21. Qf3 Qb6 22. cxd4 Bd6 23. Re2 Qxd4 24. Bxd6 Qxd6 1/2-1/2

[Event "Menchik Memorial op"]
[Site "Maidstone"]
[Date "1994.10.??"]
[Round "3"]
[White "Bibby, Simon"]
[Black "McNab, Colin Anderson"]
[Result "0-1"]
[WhiteElo "2275"]
[BlackElo "2465"]
[PlyCount "72"]
[EventDate "1994.10.24"]
[EventType "swiss"]
[EventRounds "9"]
[EventCountry "ENG"]
[SourceTitle "BritBase"]
[Source "John Saunders"]
[SourceDate "2023.06.01"]
[SourceVersion "1"]
[SourceVersionDate "2023.06.01"]
[SourceQuality "1"]

1. d4 d6 2. e4 g6 3. Nc3 Bg7 4. Be3 c6 5. Qd2 Nd7 6. h4 Ngf6 7. f3 Qc7 8. g4 h5
9. g5 Nh7 10. f4 b5 11. f5 Nb6 12. fxg6 fxg6 13. b3 O-O 14. Bh3 Rf7 15. Bxc8
Qxc8 16. Nge2 Qg4 17. Qd3 Rf3 18. Nd1 Raf8 19. Nf2 Qe6 20. Ng1 R3f7 21. Rh2 c5
22. O-O-O c4 23. Qd2 d5 24. e5 Bxe5 25. dxe5 Qxe5 26. Bd4 Qxh2 27. Nfh3 Qxd2+
28. Kxd2 Rf1 29. Rxf1 Rxf1 30. Ne2 Nd7 31. Bxa7 cxb3 32. axb3 e5 33. Nc3 d4 34.
Nxb5 Nhf8 35. Nd6 Ne6 36. Ne4 Ra1 0-1

[Event "Menchik Memorial op"]
[Site "Maidstone"]
[Date "1994.10.??"]
[Round "3"]
[White "Emms, John M"]
[Black "Velicka, Petr"]
[Result "1/2-1/2"]
[WhiteElo "2535"]
[BlackElo "2415"]
[PlyCount "66"]
[EventDate "1994.10.24"]
[EventType "swiss"]
[EventRounds "9"]
[EventCountry "ENG"]
[SourceTitle "BritBase"]
[Source "John Saunders"]
[SourceDate "2023.06.01"]
[SourceVersion "1"]
[SourceVersionDate "2023.06.01"]
[SourceQuality "1"]

1. e4 c6 2. d4 d5 3. Nd2 dxe4 4. Nxe4 Nd7 5. Ng5 Ngf6 6. Bd3 e6 7. N1f3 Bd6 8.
Qe2 h6 9. Ne4 Nxe4 10. Qxe4 Nf6 11. Qe2 c5 12. dxc5 Qa5+ 13. Bd2 Qxc5 14. O-O-O
Bd7 15. Kb1 O-O-O 16. Be3 Qa5 17. Bd4 Bc6 18. Ne5 Bxe5 19. Bxe5 Bxg2 20. Rhg1
Bf3 21. Qxf3 Qxe5 22. Rxg7 Rd7 23. Rgg1 Nd5 24. Be4 Rhd8 25. Bxd5 Rxd5 26. Rxd5
Qxd5 27. Qc3+ Kb8 28. b3 e5 29. Re1 f6 30. f4 Qd2 31. Qxd2 Rxd2 32. fxe5 fxe5
33. Rxe5 Rxh2 1/2-1/2

[Event "Menchik Memorial op"]
[Site "Maidstone"]
[Date "1994.10.??"]
[Round "3"]
[White "Fink Nunn, Petra"]
[Black "Dickenson, Neil F"]
[Result "0-1"]
[WhiteElo "2095"]
[BlackElo "2290"]
[PlyCount "110"]
[EventDate "1994.10.24"]
[EventType "swiss"]
[EventRounds "9"]
[EventCountry "ENG"]
[SourceTitle "BritBase"]
[Source "John Saunders"]
[SourceDate "2023.06.01"]
[SourceVersion "1"]
[SourceVersionDate "2023.06.01"]
[SourceQuality "1"]

1. e4 e6 2. d4 d5 3. Nc3 Bb4 4. e5 c5 5. a3 Bxc3+ 6. bxc3 Ne7 7. Nf3 b6 8. a4
h6 9. Bd3 Ba6 10. O-O Bxd3 11. Qxd3 Nd7 12. a5 Rc8 13. axb6 axb6 14. Ba3 O-O
15. Nh4 Nc6 16. g3 Qe8 17. f4 f5 18. exf6 Rxf6 19. Rae1 Ra8 20. Bc1 c4 21. Qe2
Qf7 22. Rf3 Ne7 23. Re3 Nf8 24. Nf3 Ra2 25. Ne5 Qe8 26. Ng4 Rf7 27. Rxe6 Nxe6
28. Qxe6 Qc8 29. f5 Qxe6 30. fxe6 Rf8 31. Ne5 Re8 32. Nd7 Ra1 33. Kf2 Nc8 34.
Kf3 Rb1 35. Kf4 Rxc1 36. Rxc1 Rxe6 37. Ne5 Nd6 38. Ra1 Nb5 39. Ra8+ Kh7 40. Nd7
Re4+ 41. Kf3 Nxc3 42. Nxb6 Rxd4 43. Ke3 Rd1 44. Rd8 Kg6 45. Rd7 Kf6 46. Rd6+
Kf5 47. Rd7 g5 48. Rh7 d4+ 49. Kf3 g4+ 50. Kf2 Ne4+ 51. Ke2 Rd2+ 52. Ke1 Rxc2
53. Rxh6 d3 54. Rh5+ Kg6 55. Rd5 Rc1# 0-1